Environmental science : a global concern

Main Author: Cunningham, William P.
Other Authors: Cunningham, Mary Ann, O'Reilly, Catherine, Winsett, Katherine E.
Published: New York, NY: McGraw Hill LLC, 2026.
Edition:2026 release.
Subjects:
LEADER 00789cam a2200229 7i4500
001 0000017231
005 20260619090000.0
020 |a 9781266350573  
090 0 0 |a 363.7/ENV  
100 1 |a Cunningham, William P.  
245 0 0 |a Environmental science :   |b a global concern   |c by William P. Cunningham, Mary Ann Cunningham, Catherine M. O'Reilly & Katherine E. Winset. 
250 |a 2026 release. 
260 |a New York, NY:   |b McGraw Hill LLC,   |c 2026. 
300 |a xvii, 620 pages:   |b ill. (colour);   |c 28cm. 
500 |a Includes index 
650 0 |a Sustainable development  
650 0 |a Environmental sciences  
700 1 |a Cunningham, Mary Ann  
700 1 |a O'Reilly, Catherine  
700 1 |a Winsett, Katherine E.  
999 |a 1000027427  |b Book  |c Green Spot 
999 |a 1000027428  |b Book  |c Red Spot